Elettra
Salvato in:
| Autore principale: | |
|---|---|
| Natura: | Libro |
| Lingua: | italiano |
| Pubblicazione: |
Verona
Arnoldo Mondadori
1953
|
| Serie: | Biblioteca Moderna Mondadori, 135
|
| Soggetti: | |
| Tags: |
Aggiungi Tag
Nessun Tag, puoi essere il primo ad aggiungerne!!
|
MARC
| LEADER | 00000nam a2200000 a 4500 | ||
|---|---|---|---|
| 001 | UCZ1611 | ||
| 003 | CL-VaPUC | ||
| 008 | 950831e19530000IT |||||||||||||||||ita|d | ||
| 082 | 0 | 4 | |a 851 |b DAN |2 21 |
| 100 | 0 | |a D'Annunzio, Gabriele |e author |9 337420 | |
| 245 | 1 | 0 | |a Elettra |
| 300 | |a 145 p | ||
| 942 | |c BK | ||
| 945 | |d 19950831 00:00:00 |a awong | ||
| 260 | |a Verona |b Arnoldo Mondadori |c 1953 | ||
| 650 | 0 | |a Poesías italianas |9 265352 | |
| 583 | |a last modification |c 19950831 00:00:00 |k Rodrigo Vera | ||
| 490 | 0 | |a Biblioteca Moderna Mondadori, 135 | |
| 999 | |c 238339 |d 238337 | ||
| 952 | |0 0 |1 0 |4 0 |6 851_000000000000000_DAN_1953 |7 0 |8 A |9 248475 |a BIBEDU |b BIBEDU |d 2019-11-18 |i 3121437 |o 851 DAN 1953 |p 3121437 |r 2019-11-18 |w 2019-11-18 |y BK |k LIT | ||